000 00894nam a22002297a 4500
005 20240530110531.0
008 160317s2012 su g 000 0 ara d
017 _a1433/1665
_bالسعودية . مكتبة الملك فهد الوطنية
020 _a9786035032469
040 _aEG-CaGPL
082 0 4 _221
_a302.23\
_bع ر
100 0 _aعبدالرحمن بن عبدالعزيز الهزاع
245 1 0 _aرؤى و مشاهدات فى الاعلام و الثقافة /
_cعبدالرحمن بن عبدالعزيز الهزاع
250 _aط1
260 _aالسعودية :
_bالعبيكان للنشر ،
_c2012 .
300 _a295 ص ؛
_c19 سم .
650 0 4 _aالثقافة
650 0 4 _aوسائل الاعلام
_xمقالات و محاضرات
650 0 4 _aالاعلام
_zالسعودية
942 _2ddc
_cBK
999 _c62092
_d62092